| 000 | 00651nam a22001697a 4500 | ||
|---|---|---|---|
| 999 |
_c14924 _d14924 |
||
| 008 | 200131b ||||| |||| 00| 0 eng d | ||
| 082 |
_22014 _aUT 1442 _bN16 |
||
| 100 |
_aRichard John M. Narca _941454 |
||
| 245 |
_aBank security practices and preparedness against robbery in Digos City: _cRichard John M. Narca, Jess MArk S. Montibon and Roger S. Menoza |
||
| 260 |
_aDigos City: _bUMDC _cJuly 2014 |
||
| 300 |
_a40 pages; _c30 cm. |
||
| 650 |
_aCriminology _vCriminology _xUndergaduate thesis: _941455 |
||
| 700 |
_aNarca, Richard John M. _941456 |
||
| 700 |
_aMontibon, Jess MArk S. _941457 |
||
| 700 |
_aMenoza, Roger S. _941458 |
||
| 942 |
_2ddc _cUT |
||